000 00580nam a2200217 i 4500
001 bg
100 1 _aSZUBA, Stanisław
245 1 0 _aĆwiczenia laboratoryjne z fizyki /
_cStanisław Szuba.
260 _aPoznań :
_bWydaw. Politechniki Poznańskiej,
_c2004.
300 _a214 s. :
_brys., tab., wykr. ;
_c24 cm.
504 _aIndeks.
650 9 _aFizyka
655 _aPodręczniki akademickie
020 _a8371433522
040 _cBPK
041 0 _apol
080 _a53(075.8)
920 _a83-7143-352-2
942 _cKS
008 s pl f |000 0 pol
999 _c45650
_d45650
856 _uhttp://koha.tu.koszalin.pl/cgi-bin/koha/opac-detail.pl?biblionumber=45650
_yKatalog online BPK